• 首页
  • 本馆介绍
  • 公告通知
  • 最新文献
  • 馆藏检索
  • 电子资源
  • 读者导购
  • 参考咨询
  • 我的图书馆
  • 登录
  • 详细信息显示
  • 放入我的书架
  • 预约/预借图书
  • 作者相关作品
  • 分类相关作品
  • 丛书相关作品
  • 出版社相关作品

书目信息

  • 表格格式
  • 工作单格式
  • 卡片格式
题名:
中国主要粮食作物一次性施肥技术
    
 
作者: 刘兆辉 主编
分册:  
出版信息: 北京   中国农业出版社  2019.12
页数: 293页
开本: 26cm
丛书名:
单 册:
中图分类: S510.62
科图分类:
主题词: 粮食作物--liang shi zuo wu--施肥
电子资源:
ISBN: 978-7-109-26223-2
000 01054nam0 2200229 450
001 0109110207
005 20201109110338.0
010    @a978-7-109-26223-2@b精装@dCNY120.00
100    @a20200911d2019 em y0chiy50 ea
101 0  @achi
102    @aCN@b110000
105    @ay z 000yy
106    @ar
200 1  @a中国主要粮食作物一次性施肥技术@Azhong guo zhu yao liang shi zuo wu yi ci xing shi fei ji shu@f刘兆辉主编
210    @a北京@c中国农业出版社@d2019.12
215    @a293页@d26cm
330    @a本书以作物养分需求规律为基础,从肥料产品、配套机械研发和施肥关键技术入手,以小麦、玉米和水稻为研究对象,介绍了新型环保一次性施肥产品的研制和筛选,包括相应施肥机械的研发,介绍了在三大粮食作物典型区域(东北春玉米区、黄淮海冬小麦-夏玉米区、长江中下游单双季稻区和华南双季稻区)的一次性施肥关键技术及相应作用机理研究成果,同时展示了一次性施肥对生态环境效应及效益的影响评价。
606 0  @a粮食作物@Aliang shi zuo wu@x施肥
690    @aS510.62@v5
701  0 @a刘兆辉@Aliu zhao hui@4主编
801  0 @aCN@bBJSZM@c20201103
905    @b1240447-9@dS510.62@e129@f3
    
    中国主要粮食作物一次性施肥技术/刘兆辉主编.-北京:中国农业出版社,2019.12
    293页;26cm
    
    
    ISBN 978-7-109-26223-2(精装):CNY120.00
    本书以作物养分需求规律为基础,从肥料产品、配套机械研发和施肥关键技术入手,以小麦、玉米和水稻为研究对象,介绍了新型环保一次性施肥产品的研制和筛选,包括相应施肥机械的研发,介绍了在三大粮食作物典型区域(东北春玉米区、黄淮海冬小麦-夏玉米区、长江中下游单双季稻区和华南双季稻区)的一次性施肥关键技术及相应作用机理研究成果,同时展示了一次性施肥对生态环境效应及效益的影响评价。
●
相关链接 在E读中查询图书 在五车中查询图书 在当当中查询图书 在豆瓣中查询图书


正题名:中国主要粮食作物一次性施肥技术     索取号:S510.62/129         预约/预借

序号 登录号 条形码 馆藏地/架位号 状态 备注
1 1240447   212404478   第二样本阅览室/ [索取号:S510.62/129] 在馆    
2 1240448   212404487   第三借阅区/ [索取号:S510.62/129] 在馆    
3 1240449   212404496   第三借阅区/ [索取号:S510.62/129] 在馆    
唐山师范学院图书馆 欢迎您!
大连网信软件有限公司© 版权所有